Best Skijumpers - Statistics

General Stats
  • This quiz has been taken 124 times
  • The average score is 13 of 20
Answer Stats
Wins Last win Answer Country % Correct
36 2008 Janne Ahonen Finland
93%
31 2018 Kamil Stoch Poland
92%
39 2011 Adam Małysz Poland
89%
17 2014 Noriaki Kasai Japan
87%
53 2014 Gregor Schlierenzauer Austria
86%
22 2017 Peter Prevc Slovenia
84%
23 2014 Simon Ammann Switzerland
79%
28 2002 Martin Schmitt Germany
73%
23 2013 Thomas Morgenstern Austria
72%
22 2016 Severin Freund Germany
70%
46 1989 Matti Nykänen Finland
69%
33 1996 Jens Weißflog East Germany/ Germany
64%
18 2003 Sven Hannawald Germany
64%
20 1996 Andreas Goldberger Austria
61%
15 2003 Primož Peterka Slovenia
52%
15 2005 Kazuyoshi Funaki Japan
51%
16 2006 Matti Hautamäki Finland
43%
18 2005 Andreas Widhölzl Austria
30%
25 1992 Andreas Felder Austria
23%
15 1992 Ernst Vettori Austria
11%
No matching quizzes found
Score Distribution
Percent of People with Each Score
Percentile by Number Answered
Your Score History
You have not taken this quiz